000 00732nam a2200265Ia 4500
003 OSt
005 20220912150426.0
006 a|||||r|||| 00| 0
007 ta
008 220909b |||||||| |||| 00| 0 eng d
020 _a087371587X
024 _a3032
037 _bEducational,
037 _cTextual
040 _aCSL
_beng
_cCSL
041 _aeng
082 _aE0aG:55, N3;1 TE
100 _aManahan Stanley E
245 0 _aFundamentals of environmental chemistry
260 _aBoca
_bRaton Lewis Publishers
_c1993
300 _axv, 844p.
_ccm.
650 _aEnvironmental Chemistry
942 _hE0aG:55, N3;1 TE
_cTEXL
_2CC
999 _c47245
_d47245